000 02023nam a2200457Ii 4500
001 DIGLCATRTA0036
003 NyNyDIG
006 m o d
007 cr |||||||||||
008 211204s2020 sp ob 000 0 spa d
035 _a(OCoLC)1319852986
040 _aDGITA
_beng
_erda
_epn
_cDGITA
020 _a9788413520896
_qeBook
020 _z9788413520544
043 _ae-sp---
050 1 4 _aHV6433.S72 ebook
100 1 _aGarcía Varela, Pablo,
_eauthor.
245 1 0 _aETA y la conspiración de la heroína /
_cPablo García Varela.
264 1 _aVitoria-Gasteiz :
_bCentro Memorial de las Víctimas del Terrorismo :
_bInstituto Universitario de Historia Social Valentín de Foronda ;
_aMadrid :
_bCatarata,
_c[2020]
300 _a1 online resource.
336 _atext
_btxt
_2rdacontent
337 _acomputer
_bc
_2rdamedia
338 _aonline resource
_bcr
_2rdacarrier
347 _atext file
_2rdaft
347 _bEPUB
490 1 _aCatarata ;
_v796
504 _aIncludes bibliographical references.
588 0 _aOnline resource; title from ePUB title page (Digitalia, viewed December 4, 2021)
610 2 0 _aETA (Organization)
_xHistory
_y20th century.
650 0 _aHeroin industry
_zSpain
_zPaís Vasco
_xHistory
_y20th century.
650 0 _aDrug traffic
_zSpain
_zPaís Vasco
_xHistory
_y20th century.
650 0 _aDrug control
_zSpain
_zPaís Vasco
_xHistory
_y20th century.
655 0 _aElectronic books.
791 2 _aDigitalia (Firm),
_edistributor.
830 0 _aLibros de la catarata (Series) ;
_v796.
793 0 _gDigitalia eBook Collection:
_aLos libros de la catarata
776 0 8 _iPrint version:
_aGarcía Varela, Pablo.
_tETA y la conspiración de la heroína.
_dVitoria-Gasteiz : Centro Memorial de las Víctimas del Terrorismo : Instituto Universitario de Historia Social Valentín de Foronda ; Madrid : Catarata, [2020]
_z9788413520544
856 4 0 _3Digitalia Hispánica
_uhttps://www.digitaliapublishing.com/a/80843/
910 _aPremium collection: 2022
942 _cRAA
999 _c264913
_d264913